000 00336nam a2200133Ia 4500
005 20260328101527.0
008 260328s9999||||xx |||||||||||||| ||und||
100 _aLocke, Tim
245 0 _aPuentes del Mundo :
_b Una Historia Ilustrada /
_cTim Locke
260 _bTikal Architectum
300 _a256 p.
650 _aPUENTES
942 _cBK
999 _c9815
_d9815